[Event "MNT-chT 1st League"]
[Site "Podgorica"]
[Date "2021.05.21"]
[Round "2.3"]
[White "Skenderovic, Ismet"]
[Black "Kadic, Branislav"]
[Result "0-1"]
[WhiteElo "1912"]
[BlackElo "1987"]
[PlyCount "172"]
[EventDate "2021.05.20"]
[EventType "team-tourn"]
[EventRounds "7"]
[EventCountry "MNE"]
[SourceTitle "EXT 2022"]
[Source "ChessBase"]
[SourceDate "2021.10.06"]
[SourceVersion "1"]
[SourceVersionDate "2021.10.06"]
[SourceQuality "1"]

1. e4 d5 2. exd5 Qxd5 3. Nc3 Qd8 4. d4 Nf6 5. Bc4 Bg4 6. f3 Bd7 7. Bg5 c6 8. a4 e6 9. f4 Be7 10. Nf3 0-0 11. 0-0 Nd5 12. Qe1 f6 13. Bh4 Nxf4 14. Bg3 Nd5 15. Qe4 Kh8 16. Rae1 Bb4 17. Bxd5 cxd5 18. Qd3 Nc6 19. Ra1 Bxc3 20. Qxc3 Rc8 21. Qd2 Re8 22. Be1 Ne7 23. c3 Nf5 24. Qe2 a6 25. Qd3 b5 26. a5 Nd6 27. b4 Ne4 28. Ra3 Re7 29. Nd2 Nxd2 30. Qxd2 Be8 31. Bg3 Bg6 32. Raa1 Qd7 33. Rae1 Rce8 34. Qf4 Rc8 35. Re3 Be4 36. Qd6 Rc6 37. Qf4 Qc8 38. Qb8 Re8 39. Qxc8 Rexc8 40. Be1 Kg8 41. Bd2 Kf7 42. g3 g5 43. Rfe1 Kg6 44. Rf1 h5 45. Rfe1 f5 46. Rf1 Rh8 47. h4 Rcc8 48. Kh2 gxh4 49. gxh4 Rcg8 50. Rg3+ Kf7 51. Rfg1 Rg4 52. Rxg4 fxg4 53. Bf4 Kg6 54. Kg3 Kf5 55. Rf1 Rc8 56. Bd2+ Bf3 57. Re1 Be4 58. Rf1+ Kg6 59. Re1 Rc4 60. Rc1 Kf5 61. Rf1+ Kg6 62. Rc1 Kf6 63. Bg5+ Kf5 64. Bf4 Bf3 65. Bd2 Ke4 66. Bf4 Kd3 67. Bd6 Be2 68. Kf2 Rc6 69. Bf4 Bf3 70. Re1 Be4 71. Bb8 Rxc3 72. Bd6 Rc6 73. Bc5 Rc7 74. Re2 Kc3 75. Re3+ Kc4 76. Re1 Rf7+ 77. Ke2 g3 78. Rc1+ Kb3 79. Rg1 g2 80. Bd6 Kc4 81. Rc1+ Kxd4 82. Bc5+ Ke5 83. Rg1 d4 84. Bb6 Kd5 85. Rd1 e5 86. Rc1 Rf1 0-1

[Event "MNT-chT 1st League"]
[Site "Podgorica"]
[Date "2018.09.30"]
[Round "6.3"]
[White "Durakovic, Ferid"]
[Black "Kadic, Branislav"]
[Result "1/2-1/2"]
[WhiteElo "1925"]
[BlackElo "2021"]
[PlyCount "94"]
[EventDate "2018.09.07"]
[EventType "team-tourn"]
[EventRounds "9"]
[EventCountry "MNE"]
[SourceTitle "CBM 187 Extra"]
[Source "ChessBase"]
[SourceDate "2018.11.04"]
[SourceVersion "1"]
[SourceVersionDate "2018.11.04"]
[SourceQuality "1"]
[WhiteTeam "Ibar"]
[BlackTeam "Dijagonale"]
[WhiteTeamCountry "MNE"]
[BlackTeamCountry "MNE"]

1. c4 Nf6 2. Nf3 d6 3. e3 e5 4. Be2 Be7 5. 0-0 0-0 6. h3 e4 7. Nd4 c5 8. Nc2 Bf5 9. d3 Nc6 10. Nc3 Qc8 11. Nd5 Nxd5 12. cxd5 exd3 13. Bxd3 Bxd3 14. Qxd3 Ne5 15. Qe2 a6 16. e4 Bf6 17. Bf4 Re8 18. f3 b5 19. Rac1 c4 20. Bxe5 Bxe5 21. Ne3 Qc5 22. Rfe1 Bg3 23. Rf1 f5 24. Kh1 fxe4 25. f4 Rf8 26. f5 Rae8 27. f6 Be5 28. Ng4 Bxf6 29. Rf5 Qd4 30. Rd1 Qxb2 31. Nxf6+ Rxf6 32. Qxb2 Rxf5 33. Qd4 e3 34. Re1 e2 35. Kg1 h6 36. Qd2 Rfe5 37. Kf2 Rf8+ 38. Kg3 Rfe8 39. a3 c3 40. Qc2 Kh8 41. Kf2 Rf8+ 42. Kg1 Rc8 43. g3 a5 44. Kf2 Rf8+ 45. Kg2 Rc8 46. Kf2 Rf8+ 47. Kg2 Rc8 1/2-1/2

[Event "MNT-chT 1st League"]
[Site "Podgorica"]
[Date "2018.09.07"]
[Round "1.5"]
[White "Savic, Vladimir"]
[Black "Kadic, Branislav"]
[Result "0-1"]
[WhiteElo "2017"]
[BlackElo "2021"]
[PlyCount "48"]
[EventDate "2018.09.07"]
[EventType "team-tourn"]
[EventRounds "9"]
[EventCountry "MNE"]
[SourceTitle "CBM 187 Extra"]
[Source "ChessBase"]
[SourceDate "2018.11.04"]
[SourceVersion "1"]
[SourceVersionDate "2018.11.04"]
[SourceQuality "1"]
[WhiteTeam "Oktober 7th"]
[BlackTeam "Dijagonale"]
[WhiteTeamCountry "MNE"]
[BlackTeamCountry "MNE"]

1. Nf3 Nf6 2. d4 d5 3. Bf4 c6 4. e3 Bg4 5. Be2 e6 6. c3 Nbd7 7. Qb3 Qb6 8. Nbd2 Be7 9. h3 Bh5 10. a4 a6 11. a5 Qa7 12. Ne5 Bxe2 13. Kxe2 0-0 14. Rhe1 c5 15. Kf1 Nxe5 16. Bxe5 Nd7 17. Bg3 Rac8 18. Qa4 Rc6 19. b4 cxb4 20. cxb4 b5 21. axb6 Qxb6 22. Reb1 Rfc8 23. b5 axb5 24. Qxb5 Rc1+ 0-1

[Event "MNT-chT1"]
[Site "Cetinje"]
[Date "2013.09.21"]
[Round "8"]
[White "Kadic, Branislav"]
[Black "Simic, Dragisa"]
[Result "0-1"]
[WhiteElo "2005"]
[BlackElo "2297"]
[PlyCount "48"]
[EventDate "2013.08.30"]
[EventType "team-tourn"]
[EventRounds "9"]
[EventCountry "MNE"]
[SourceTitle "CBM 156 Extra"]
[Source "ChessBase"]
[SourceDate "2013.10.22"]
[SourceVersion "1"]
[SourceVersionDate "2013.10.22"]
[SourceQuality "1"]

1. d4 g6 2. Bf4 d6 3. e3 Bg7 4. Nf3 Nd7 5. Be2 e5 6. Bg5 f6 7. Bh4 Ne7 8. dxe5 dxe5 9. Bc4 Nf5 10. e4 Nd6 11. Qe2 Qe7 12. Nc3 c6 13. Bb3 Nc5 14. h3 a5 15. 0-0 b5 16. Qe3 Ndb7 17. a3 Nxb3 18. cxb3 Qc5 19. Qd2 0-0 20. b4 Qb6 21. bxa5 Nxa5 22. Rad1 Nc4 23. Qc2 Be6 24. Nd2 Rfd8 0-1

[Event "MNT-chT1"]
[Site "Cetinje"]
[Date "2013.09.20"]
[Round "7"]
[White "Kadic, Branislav"]
[Black "Bulatovic, Dragan"]
[Result "1-0"]
[WhiteElo "2005"]
[BlackElo "2193"]
[PlyCount "95"]
[EventDate "2013.08.30"]
[EventType "team-tourn"]
[EventRounds "9"]
[EventCountry "MNE"]
[SourceTitle "CBM 156 Extra"]
[Source "ChessBase"]
[SourceDate "2013.10.22"]
[SourceVersion "1"]
[SourceVersionDate "2013.10.22"]
[SourceQuality "1"]

1. d4 Nf6 2. Bf4 c5 3. dxc5 Na6 4. e3 Nxc5 5. Nf3 g6 6. Bc4 Bg7 7. c3 0-0 8. 0-0 d6 9. Nbd2 Bd7 10. Rc1 Rc8 11. Qe2 Qb6 12. Nb3 Nce4 13. Rfd1 a5 14. Ng5 a4 15. Nxe4 Nxe4 16. Nd2 Nc5 17. Rc2 Qc6 18. Nf3 Ne6 19. Bd5 Qb6 20. Ng5 Nxf4 21. exf4 e6 22. Bf3 d5 23. h4 a3 24. h5 Qc7 25. hxg6 hxg6 26. g3 axb2 27. Rxb2 Bxc3 28. Rbb1 b5 29. Kg2 Bf6 30. Rh1 Bxg5 31. fxg5 Kg7 32. Qb2+ Qc3 33. Qe2 f6 34. Rbc1 Qe5 35. gxf6+ Qxf6 36. Qe3 Rxc1 37. Qh6+ Kf7 38. Rxc1 Ke8 39. Qe3 b4 40. Qd3 Qf5 41. Qe2 g5 42. g4 Qf4 43. Bxd5 Qd6 44. Be4 Rf4 45. Rh1 Ke7 46. f3 Qd4 47. Rd1 Qc5 48. Qd2 1-0

[Event "Montenegro Team Cup"]
[Site "Montenegro"]
[Date "2013.04.14"]
[Round "2.6"]
[White "Kadic, Branislav"]
[Black "Draskovic, Davor"]
[Result "1-0"]
[WhiteElo "1999"]
[BlackElo "1905"]
[PlyCount "71"]
[EventDate "2013.04.06"]
[EventType "swiss"]
[EventRounds "5"]
[EventCountry "MNE"]
[SourceTitle "CBM 154 Extra"]
[Source "ChessBase"]
[SourceDate "2013.06.25"]
[SourceVersion "2"]
[SourceVersionDate "2013.06.25"]
[SourceQuality "1"]

1. d4 Nf6 2. Bf4 c5 3. dxc5 Nc6 4. e3 e5 5. Bg3 Bxc5 6. c3 0-0 7. Be2 d5 8. Nf3 d4 9. exd4 exd4 10. 0-0 Bf5 11. Ne5 Qb6 12. Nc4 Qd8 13. Ne5 Qb6 14. b4 Be7 15. Nc4 Qd8 16. b5 d3 17. Bf3 Na5 18. Nxa5 Qxa5 19. Bxb7 Rad8 20. Bc6 Ne4 21. Be5 Bd6 22. Bd4 Qc7 23. g3 Ng5 24. Nd2 Rfe8 25. Re1 Rxe1+ 26. Qxe1 Bd7 27. Qe3 Nh3+ 28. Kg2 Re8 29. Qxd3 Bxc6+ 30. bxc6 Qxc6+ 31. Kxh3 Re6 32. Qf3 Rh6+ 33. Kg2 Qc8 34. h4 g5 35. Rh1 g4 36. Qd5 1-0

[Event "MNT-chTA"]
[Site "Cetinje"]
[Date "2012.09.09"]
[Round "3"]
[White "Kadic, Branislav"]
[Black "Popovic, Mladen"]
[Result "0-1"]
[WhiteElo "1998"]
[BlackElo "2157"]
[PlyCount "118"]
[EventDate "2012.09.07"]
[EventType "team-tourn"]
[EventRounds "9"]
[EventCountry "MNE"]
[SourceTitle "CBM 150 Extra"]
[Source "ChessBase"]
[SourceDate "2012.10.19"]
[SourceVersion "1"]
[SourceVersionDate "2012.10.19"]
[SourceQuality "1"]

1. d4 c5 2. Nf3 Nf6 3. c3 Qb6 4. dxc5 Qxc5 5. Qd4 e6 6. Qxc5 Bxc5 7. Bf4 Nc6 8. e3 a5 9. a4 0-0 10. Nbd2 Nh5 11. Bc7 d5 12. Bb5 Bd7 13. Nb3 Rfc8 14. Nxc5 Rxc7 15. 0-0 Bc8 16. Nb3 b6 17. Rac1 Nf6 18. Nbd4 Bd7 19. Bxc6 Bxc6 20. Nxc6 Rxc6 21. Nd4 Rc5 22. f3 Rac8 23. Kf2 Nd7 24. Ra1 Ne5 25. Ke2 Nc4 26. Rfb1 Nd6 27. Ra3 e5 28. Nb3 R5c6 29. Rd1 Nc4 30. Ra2 Rg6 31. g3 Rh6 32. Rh1 f5 33. Nd2 f4 34. Nxc4 Rxc4 35. exf4 exf4 36. g4 Re6+ 37. Kf2 d4 38. Rc1 Rh6 39. Kg2 Rhc6 40. Ra3 Rd6 41. Rd1 Rdc6 42. Rd3 Kf7 43. h4 Ke7 44. g5 h6 45. Kh3 dxc3 46. bxc3 h5 47. Kg2 Rd6 48. Rxd6 Kxd6 49. Kf2 Rc6 50. Rb3 g6 51. Ke2 Kc7 52. Kd2 Rd6+ 53. Kc2 Re6 54. Rb1 Re2+ 55. Kb3 Rf2 56. Re1 Kd7 57. Kc4 Rxf3 58. Rb1 Kc6 59. Re1 Re3 0-1

[Event "MNT CupT"]
[Site "Cetinje"]
[Date "2012.05.28"]
[Round "4"]
[White "Kadic, Branislav"]
[Black "Borozan, Nikola"]
[Result "0-1"]
[WhiteElo "1997"]
[BlackElo "2076"]
[PlyCount "92"]
[EventDate "2012.05.25"]
[EventType "team-swiss"]
[EventRounds "5"]
[EventCountry "MNE"]
[SourceTitle "CBM 148 Extra"]
[Source "ChessBase"]
[SourceDate "2012.06.22"]
[SourceVersion "1"]
[SourceVersionDate "2012.06.22"]
[SourceQuality "1"]

1. d4 c5 2. Nf3 cxd4 3. Nxd4 d5 4. g3 e5 5. Nb3 Nc6 6. Bg2 Be6 7. 0-0 h5 8. Nc3 d4 9. Ne4 h4 10. Bg5 f6 11. Bxh4 g5 12. Nbc5 Bxc5 13. Nxc5 Bd5 14. Nxb7 Qd7 15. Nc5 Qf7 16. Ne4 Bxe4 17. Bxe4 Nge7 18. c3 gxh4 19. cxd4 exd4 20. Rc1 Qe6 21. Qd3 Rd8 22. Bg2 Kf8 23. Rfe1 hxg3 24. hxg3 Ne5 25. Qe4 Qd6 26. Rc2 Nf7 27. Rec1 Ng5 28. Qd3 Qe6 29. a4 Qg4 30. e4 Qh5 31. Rc7 Qh2+ 32. Kf1 Rh6 33. Qd2 d3 34. Qb4 Rh7 35. Rc8 Rxc8 36. Rxc8+ Kf7 37. Rc7 Kg6 38. Qd2 Nh3 39. Ke1 Qxg2 40. Qe3 Ng5 41. Kd2 Nxe4+ 42. Kxd3 Nxf2+ 43. Kc2 Nd1+ 44. Qd2 Ne3+ 45. Kd3 Qd5+ 46. Kxe3 Nf5+ 0-1

[Event "MNT CupT"]
[Site "Tivat"]
[Date "2011.04.29"]
[Round "2"]
[White "Podlesnik, Bogdan"]
[Black "Kadic, Branislav"]
[Result "1-0"]
[WhiteElo "2383"]
[BlackElo "1977"]
[PlyCount "73"]
[EventDate "2011.04.28"]
[EventType "team-tourn"]
[EventRounds "5"]
[EventCountry "MNE"]
[SourceTitle "CBM 142 Extra"]
[Source "ChessBase"]
[SourceDate "2011.06.27"]
[SourceVersion "1"]
[SourceVersionDate "2011.06.27"]
[SourceQuality "1"]

1. e4 d5 2. exd5 Qxd5 3. Nc3 Qd8 4. d4 c6 5. Nf3 Nf6 6. Bc4 Bf5 7. Ne5 e6 8. 0-0 Be7 9. Bb3 0-0 10. Ne2 h6 11. Ng3 Bh7 12. f4 Nbd7 13. Qe2 c5 14. c3 cxd4 15. cxd4 Nxe5 16. dxe5 Nd5 17. Kh1 Nb4 18. Qg4 Nd3 19. Be3 Bc5 20. Rae1 Bxe3 21. Rxe3 Qd4 22. Qf3 Nxb2 23. f5 Nc4 24. Re4 Nxe5 25. Rxd4 Nxf3 26. Rxf3 exf5 27. Rd7 g6 28. Rxb7 a5 29. a4 Kg7 30. h4 h5 31. Rc3 Bg8 32. Ne2 Rfe8 33. Nd4 Re4 34. Nf3 Ra6 35. Rcc7 Rb4 36. Rxb4 axb4 37. Rb7 1-0

[Event "MNT-chT"]
[Site "Cetinje"]
[Date "2010.08.27"]
[Round "1"]
[White "Kadic, Branislav"]
[Black "Luksic, Vladimir"]
[Result "1/2-1/2"]
[WhiteElo "1975"]
[BlackElo "2100"]
[PlyCount "54"]
[EventDate "2010.08.27"]
[EventType "team-tourn"]
[EventRounds "9"]
[EventCountry "MNE"]
[SourceTitle "CBM 138 Extra"]
[Source "ChessBase"]
[SourceDate "2010.10.29"]
[SourceVersion "1"]
[SourceVersionDate "2010.10.29"]
[SourceQuality "1"]

1. d4 Nf6 2. Bf4 c5 3. e3 Qb6 4. b3 cxd4 5. Qxd4 Qxd4 6. exd4 Nc6 7. c3 e6 8. Be2 Be7 9. Nf3 0-0 10. 0-0 d5 11. Nbd2 Bd7 12. a4 Rac8 13. b4 Rfd8 14. Rfc1 Be8 15. a5 a6 16. Nb3 Ne4 17. Bd3 f6 18. Ne1 g5 19. Be3 f5 20. f3 Nd6 21. Nc5 Bf7 22. Bf1 h6 23. f4 Rc7 24. Nf3 g4 25. Ne5 Kg7 26. Bd3 Ne4 27. Bxe4 Nxe5 1/2-1/2

[Event "MNT-chT"]
[Site "Cetinje"]
[Date "2009.10.25"]
[Round "9"]
[White "Perosevic, Aleksandar"]
[Black "Kadic, Branislav"]
[Result "1/2-1/2"]
[WhiteElo "2188"]
[BlackElo "1968"]
[PlyCount "23"]
[EventDate "2009.09.18"]
[EventType "team-tourn"]
[EventRounds "9"]
[EventCountry "MNE"]
[SourceTitle "EXT 2011"]
[Source "ChessBase"]
[SourceDate "2010.11.26"]
[SourceVersion "1"]
[SourceVersionDate "2010.11.26"]
[SourceQuality "1"]

1. e4 d6 2. d4 Nd7 3. Nf3 g6 4. Nc3 Bg7 5. Be3 e5 6. dxe5 Nxe5 7. Nxe5 Bxe5 8. Qd2 Be6 9. f4 Bg7 10. 0-0-0 Ne7 11. Be2 0-0 12. g4 1/2-1/2

[Event "MNT-chT"]
[Site "Cetinje"]
[Date "2009.10.10"]
[Round "5"]
[White "Lekic, Lazar"]
[Black "Kadic, Branislav"]
[Result "1/2-1/2"]
[WhiteElo "1755"]
[BlackElo "1968"]
[PlyCount "166"]
[EventDate "2009.09.18"]
[EventType "team-tourn"]
[EventRounds "9"]
[EventCountry "MNE"]
[SourceTitle "EXT 2011"]
[Source "ChessBase"]
[SourceDate "2010.11.26"]
[SourceVersion "1"]
[SourceVersionDate "2010.11.26"]
[SourceQuality "1"]

1. e4 d6 2. d4 Nd7 3. Nc3 e5 4. dxe5 Nxe5 5. f4 Ng6 6. Nf3 Be7 7. Bc4 Nf6 8. 0-0 0-0 9. Qe2 Bg4 10. h3 Bxf3 11. Qxf3 c6 12. Be3 Qc7 13. Rad1 a5 14. a4 Nd7 15. Rd2 Rad8 16. Rfd1 Nc5 17. Bxc5 dxc5 18. e5 Nh4 19. Qg4 Rxd2 20. Rxd2 Rd8 21. Rd3 Ng6 22. Qf5 Nh8 23. e6 Rxd3 24. exf7+ Kf8 25. cxd3 g6 26. Qe6 Qd6 27. Qc8+ Bd8 28. Qxb7 Qxf4 29. Qxc6 Qe3+ 30. Kh1 Nxf7 31. Qf3 Qxf3 32. gxf3 Nd6 33. b3 Bf6 34. Nd5 Kg7 35. Kg2 Nf5 36. f4 Bd4 37. Kf3 Kh6 38. Nb6 Kh5 39. Nd7 Nd6 40. Be6 Kh6 41. Ne5 Kg7 42. Nc4 Nxc4 43. bxc4 Kf6 44. Bc8 h6 45. Ke4 Ke7 46. Kd5 Kd8 47. Be6 Ke7 48. Bg4 Be3 49. Kc6 Kd8 50. Kb6 h5 51. Be6 Ke7 52. Bd5 Bxf4 53. Kxc5 g5 54. Bf3 h4 55. d4 Kd7 56. Kb5 Be3 57. Bg4+ Kc7 58. Kc5 Bf4 59. Kd5 Be3 60. c5 Bf2 61. Kc4 Bg3 62. d5 Bf2 63. d6+ Kc6 64. d7 Kc7 65. Kd5 Bg3 66. Kc4 Bf4 67. Kb5 Bd2 68. c6 Bc3 69. d8Q+ Kxd8 70. Kb6 Bd4+ 71. Kxa5 Kc7 72. Bf3 Be3 73. Kb5 Bf2 74. Kc4 Bg3 75. Kd5 Bf2 76. Ke6 Be3 77. Kf5 Bd2 78. Kf6 Kd6 79. Kf5 Kc7 80. Ke6 Bf4 81. Kd5 Bd2 82. Kc5 Be3+ 83. Kb5 Ba7 1/2-1/2

[Event "MNT-chT"]
[Site "Cetinje"]
[Date "2009.09.18"]
[Round "1"]
[White "Mijovic, Stefan"]
[Black "Kadic, Branislav"]
[Result "1-0"]
[WhiteElo "2325"]
[BlackElo "1968"]
[PlyCount "49"]
[EventDate "2009.09.18"]
[EventType "team-tourn"]
[EventRounds "9"]
[EventCountry "MNE"]
[SourceTitle "EXT 2011"]
[Source "ChessBase"]
[SourceDate "2010.11.26"]
[SourceVersion "1"]
[SourceVersionDate "2010.11.26"]
[SourceQuality "1"]

1. e4 c6 2. d4 d5 3. Nc3 dxe4 4. Nxe4 Bf5 5. Ng3 e6 6. Nxf5 Qa5+ 7. Bd2 Qxf5 8. Bd3 Qd5 9. Nf3 Nf6 10. 0-0 Be7 11. c4 Qd8 12. Bc3 Nbd7 13. b4 0-0 14. Ne5 Re8 15. Qf3 Qc7 16. Rac1 Rad8 17. Rfe1 Nf8 18. a4 Ng6 19. Bb1 Bd6 20. a5 Qe7 21. a6 Bxb4 22. Bxb4 Qxb4 23. Bxg6 hxg6 24. Rb1 Qa4 25. axb7 1-0

[Event "MNT-chT1"]
[Site "Podgorica"]
[Date "2008.10.12"]
[Round "5"]
[White "Kadic, Branislav"]
[Black "Scekic, Veljko"]
[Result "1-0"]
[WhiteElo "1957"]
[BlackElo "2104"]
[PlyCount "111"]
[EventDate "2008.09.07"]
[EventType "team-tourn"]
[EventRounds "9"]
[EventCountry "MNE"]
[SourceTitle "EXT 2010"]
[Source "ChessBase"]
[SourceDate "2010.11.25"]
[SourceVersion "1"]
[SourceVersionDate "2010.11.25"]
[SourceQuality "1"]

1. d4 Nf6 2. Bf4 g6 3. e3 Bg7 4. Nf3 d6 5. Be2 0-0 6. 0-0 Nbd7 7. c4 Re8 8. Nc3 Nh5 9. Bg5 h6 10. Bh4 c6 11. Qc2 Qc7 12. Rad1 Nf8 13. Rfe1 e5 14. dxe5 dxe5 15. Nd2 Nf6 16. b4 Bf5 17. Bd3 Bxd3 18. Qxd3 Rad8 19. Qc2 g5 20. Bg3 Ng6 21. c5 Nd5 22. a3 Nxc3 23. Qxc3 f5 24. h3 Kh7 25. Nc4 f4 26. Bh2 Kh8 27. Nd6 Rf8 28. e4 Nh4 29. f3 h5 30. Re2 Bf6 31. g3 fxg3 32. Bxg3 Ng6 33. Red2 Rg8 34. Qc4 Rgf8 35. Qe6 Qd7 36. Qxd7 Rxd7 37. Nf5 Rxd2 38. Rxd2 Rf7 39. Rd6 Kh7 40. Re6 Bh8 41. Bf2 Nf4 42. Rh6+ Kg8 43. Kh2 Bg7 44. Rd6 Bf8 45. Rd8 Kh7 46. Be3 Ne6 47. Re8 Ng7 48. Rxe5 Nxf5 49. exf5 Bg7 50. Re6 Rxf5 51. Re7 Re5 52. Rxg7+ Kxg7 53. Bd4 Kf6 54. h4 gxh4 55. f4 Kf5 56. fxe5 1-0